Délmagyarország. - 1990. január 18., Csütörtök
Elmentve itt :
| Dokumentumtípus: | Újság |
|---|---|
| Megjelent: |
1990-01-18
|
| Sorozat: | Délmagyarország
80 No. 15 |
| Online Access: | http://dmarchiv.bibl.u-szeged.hu/24085 |
| LEADER | 00493nas a2200145 i 4500 | ||
|---|---|---|---|
| 001 | delm24085 | ||
| 005 | 20200415081454.0 | ||
| 008 | 171218s1990 hu n o 0|| hun d | ||
| 022 | |a 0133-025X | ||
| 040 | |a SZTE Délmagyarország Archívum |b hun | ||
| 041 | |a hun | ||
| 245 | 0 | 0 | |a Délmagyarország. - 1990. január 18., Csütörtök |h [elektronikus dokumentum] |
| 260 | |c 1990-01-18 | ||
| 490 | 0 | |a Délmagyarország |v 80 No. 15 | |
| 856 | 4 | 0 | |u http://dmarchiv.bibl.u-szeged.hu/24085/1/dm_1990_015.pdf |z Dokumentum-elérés |